Mrs Dalloway / (Record no. 492679)
[ view plain ]
| 000 -LEADER | |
|---|---|
| fixed length control field | 01086nam a22002417a 4500 |
| 003 - CONTROL NUMBER IDENTIFIER | |
| control field | OSt |
| 005 - DATE AND TIME OF LATEST TRANSACTION | |
| control field | 20260511153332.0 |
| 008 - FIXED-LENGTH DATA ELEMENTS--GENERAL INFORMATION | |
| fixed length control field | 260511b |||||||| |||| 00| 0 eng d |
| 020 ## - INTERNATIONAL STANDARD BOOK NUMBER | |
| International Standard Book Number | 9781784871697 |
| 040 ## - CATALOGING SOURCE | |
| Original cataloging agency | Kenya National Library Service |
| 082 ## - DEWEY DECIMAL CLASSIFICATION NUMBER | |
| Classification number | 823.912 WOO |
| 100 ## - MAIN ENTRY--PERSONAL NAME | |
| Personal name | Woolf, Virginia |
| Relator term | author |
| 245 ## - TITLE STATEMENT | |
| Title | Mrs Dalloway / |
| Statement of responsibility, etc. | Virginia Woolf ; with introduction by Carol Ann Duffy , Valentine Cunnigham |
| 300 ## - PHYSICAL DESCRIPTION | |
| Extent | xxv,172 pages ; |
| Dimensions | 16 cm. |
| 490 ## - SERIES STATEMENT | |
| Series statement | Vintage classics Library. |
| 520 ## - SUMMARY, ETC. | |
| Summary, etc. | Virginia Woolf's Mrs. Dalloway is back for a fresh release from Duke Classics. One thread follows Clarissa Dalloway as she spends a day planning to host a party in post-WWI England. Another follows the path of Septimus Smith, a struggling war veteran. Reflections on wartime, love, and the past are woven together before intersecting at the story's climax. |
| 650 ## - SUBJECT ADDED ENTRY--TOPICAL TERM | |
| Topical term or geographic name entry element | modernism - Fiction. |
| 700 ## - ADDED ENTRY--PERSONAL NAME | |
| Personal name | Duffy, Carol Ann |
| Relator term | author |
| 700 ## - ADDED ENTRY--PERSONAL NAME | |
| Personal name | Cunningham, Valentine |
| Relator term | author |
| 942 ## - ADDED ENTRY ELEMENTS (KOHA) | |
| Source of classification or shelving scheme | Dewey Decimal Classification |
| Koha item type | Books |
| Suppress in OPAC | No |
| Withdrawn status | Source of classification or shelving scheme | Damaged status | Not for loan | Home library | Current library | Date acquired | Cost, normal purchase price | Total checkouts | Full call number | Barcode | Date last seen | Price effective from | Koha item type |
|---|---|---|---|---|---|---|---|---|---|---|---|---|---|
| Dewey Decimal Classification | Information Access | Acquisition, Cataloguing, Classification and Distribution Development | 05/11/2026 | 374.00 | 823.912 WOO | B237450 | 05/11/2026 | 05/11/2026 | Books |
